000 00259nam a22001097a 4500
082 _a629.13 MOD'S
100 _aSCHYROEDER, ART
_976377
245 _aMODEL AIRPLANE NEWS WITH R/C BOATS AND COST
260 _aUSA
_bMRC
_c1981
300 _aVOL-102
942 _cBK
999 _c581770
_d581770